000 00336nam a2200145Ia 4500
100 _aRoy/K.P/ Hajra Choudhury
942 _cBK
654 _aMechanical
245 _aElements Of Mechanical Engineering
260 _bAsia publishing house
_aBombay
_c1966
082 _a621.01
_bROY
300 _a367
546 _aENGLISH
999 _c26724
_d26724